02483cam a22003135a 4500999001700000001000900017005001700026008004100043010001700084020001800101040003500119042000800154082002600162100002700188245004300215260005100258300003400309490005500343504006700398505047300465520098000938630001901918650003901937651001001976653002501986655001702011942000802028952013302036 c27031d270031937004420181210112500.0161104s2017 waua frb 001 0 eng d a 2016050697 z9781510608313 aOU/DLCbengcOUdDLCdEG-ScBUE apcc04a621.36028553bTEA2221 aTeare, Scott W.94195610aOptics using MATLAB /cScott W. Teare. aBellingham, Washington :bSPIE Press,cc.2017. axii, 233 p. :bill. ;c26 cm.0 aTutorial texts in optical engineering ;vv. TT 111 aIncludes bibliographical references (pages 229-230) and index.0 aIntroduction to MATLAB -- Plotting mathematical functions -- Curve fitting and statistics -- Data and data files -- Images and image processing -- Ray optics and glass equations -- Spectrometers -- Modulation transfer function and contrast -- Diffraction and interference -- Zernike polynomials and wavefronts -- Polarization -- Optical interference filtersice problems -- Metals and complex index of refraction -- User interfaces -- Completing and packaging programs. a"Optics using MATLAB provides a functional overview of developing code using MATLAB that can be used to enhance and increase understanding optics topics though the use of visualization tools. The book ties a number of optical topics to programming activities with MATLAB and can act as a supplement to other textbooks or stand alone. It is divided into three sections. Part I focuses on a wide range of basic programing fundamentals using MATLAB and includes topics such as curve fitting, image processing, and file storage. Part II provides a review of a number of selected topics in optics and demonstrates how these can be explored using MATLAB scripts. Part III discusses how to use MATLAB to improve the usability of custom programs through graphical user interfaces and incorporating other programming languages. Optical engineers needing flexibility and special calculations will find the books explanations and examples of user-programmable software to be of value"--07aMATLAB.2BUEsh 7aOpticsxMathematics.2BUEsh937136 2BUEsh bENGGENcDecember2018 vReading book 2ddc 00102ddc40708BaccahaMAINbMAINc1STd2018-12-10ePurchaseg1490.00l0o621.36028553 TEAp000044040r2025-07-15 00:00:00yBB